|
|
|
|
| LEADER |
02463nam a2200385 a 4500 |
| 001 |
18461 |
| 003 |
BD-DhAAL |
| 008 |
090720s1981 enka b 001 0 eng d |
| 020 |
|
|
|a 0194424243
|
| 020 |
|
|
|a 0198284268
|
| 020 |
|
|
|a 0195649540
|
| 020 |
|
|
|a 9780195649543
|
| 040 |
|
|
|a DLC
|c DLC
|d DLC
|d BD-DhAAL
|
| 082 |
0 |
0 |
|a 363.8
|2 19
|
| 100 |
1 |
|
|a Sen, Amartya,
|d 1933-
|9 15035
|
| 245 |
1 |
0 |
|a Poverty and famines :
|b an essay on entitlement and deprivation /
|c Amartya Sen.
|
| 260 |
|
|
|a Oxford :
|b Clarendon Press ;
|a New York :
|b Oxford University Press,
|c 1981.
|
| 300 |
|
|
|a ix, 257 pages :
|b illustrations ;
|c 22 cm.
|
| 504 |
|
|
|a Includes bibliographical references (pages [217]-249) and index.
|
| 526 |
|
|
|x Salim khan
Sr. program Associate
James P. Grant School.
Course name and no. N/A
|
| 541 |
1 |
|
|a Donated By Akbar Ali Khan
A H Development publishing house
|e 18461, 39098
|
| 650 |
|
0 |
|a Famines.
|9 14868
|
| 650 |
|
0 |
|a Poverty.
|9 15036
|
| 650 |
|
0 |
|a Food supply.
|9 11475
|
| 650 |
|
0 |
|a Starvation.
|9 15037
|
| 852 |
4 |
|
|a School of Public Health.
|
| 942 |
|
|
|2 ddc
|c BK
|
| 999 |
|
|
|c 2650
|d 2650
|
| 952 |
|
|
|0 0
|1 0
|2 ddc
|4 0
|6 363_800000000000000_SEN_1981
|7 0
|9 2433
|a JPGSPH
|b JPGSPH
|d 2009-07-22
|e A. H. Development Publishing House.
|g 500.00
|l 0
|o 363.8 SEN
|p 3060018461
|r 2009-07-22
|t 1
|w 2009-07-22
|y BK
|x Requisitioned by Salim khan, Sr. program Associate, James P. Grant School. Course name and no. N/A
|
| 952 |
|
|
|0 0
|1 0
|2 ddc
|4 0
|6 363_800000000000000_SEN_1981
|7 0
|9 4181
|a BRACUL
|b BRACUL
|c GEN
|d 2009-10-11
|g 534.00
|l 3
|m 5
|o 363.8 SEN
|p 3010014403
|r 2026-05-20
|s 2026-04-27
|t 2
|w 2009-10-11
|y BK
|
| 952 |
|
|
|0 0
|1 0
|2 ddc
|4 0
|6 363_800000000000000_SEN
|7 0
|9 4549
|a BRACUL
|b BRACUL
|c GEN
|d 2009-10-21
|g 0.00
|l 5
|m 31
|o 363.8 SEN
|p 3010013287
|r 2024-10-03
|s 2024-06-26
|t 3
|w 2009-10-21
|y BK
|x No price found in the accession register.
|
| 952 |
|
|
|0 0
|1 0
|2 ddc
|4 0
|6 363_800000000000000_SEN
|7 0
|9 21165
|a BRACUL
|b BRACUL
|c GEN
|d 2012-09-30
|e Karim International
|g 599.00
|l 3
|m 58
|o 363.8 SEN
|p 3010026013
|r 2019-05-05
|s 2019-01-20
|t 4
|w 2012-09-30
|y BK
|
| 952 |
|
|
|0 0
|1 0
|2 ddc
|4 0
|6 363_800000000000000_SEN
|7 0
|9 52438
|a SCL
|b SCL
|c GEN
|d 2015-02-03
|g 195.00
|l 0
|o 363.8 SEN
|p 3020002277
|r 2015-02-03
|t 5
|w 2015-02-03
|y BK
|
| 952 |
|
|
|0 0
|1 0
|2 ddc
|4 0
|6 363_800000000000000_SEN
|7 0
|9 56075
|a SCL
|b SCL
|c GEN
|d 2015-10-03
|g 242.00
|l 0
|o 363.8 SEN
|p 3020000885
|r 2015-10-03
|t 6
|w 2015-10-03
|y BK
|
| 952 |
|
|
|0 0
|1 0
|2 ddc
|4 0
|6 363_800000000000000_SEN
|7 1
|9 71427
|a BRACUL
|b BRACUL
|c AAKC
|d 2022-08-01
|e Donated by Akbar Ali Khan
|l 0
|o 363.8 SEN
|p 3010039098
|r 2022-08-01
|t 7
|w 2022-08-01
|y BK
|